Fox Pro 2.5 para dos y windows a su alcance (Registro nro. 4473)

Detalles MARC
000 -LEADER
fixed length control field 01318 a2200205 4500
001 - CONTROL NUMBER
control field 47877
005 - DATE AND TIME OF LATEST TRANSACTION
control field 20260407155744.0
008 - FIXED-LENGTH DATA ELEMENTS--GENERAL INFORMATION
fixed length control field 260407a1994 arg spa d
003 - CONTROL NUMBER IDENTIFIER
control field AR-UNSa-BCEJYS
040 ## - CATALOGING SOURCE
Original cataloging agency AR-UNSa-BCEJYS
Language of cataloging spa
Transcribing agency AR-UNSa-BCEJYS
080 ## - UNIVERSAL DECIMAL CLASSIFICATION NUMBER
Universal Decimal Classification number 004.42
Common auxiliary subdivision Programación de ordenadores. Programas de ordenador
020 ## - INTERNATIONAL STANDARD BOOK NUMBER
International Standard Book Number 84-481-1906-1
100 1# - MAIN ENTRY--PERSONAL NAME
Personal name Garcia- Badell, José Javier
245 10 - TITLE STATEMENT
Title Fox Pro 2.5 para dos y windows a su alcance
264 #1 - PRODUCTION, PUBLICATION, DISTRIBUTION, MANUFACTURE, AND COPYRIGHT NOTICE
Place of production, publication, distribution, manufacture Madrid :
Name of producer, publisher, distributor, manufacturer McGraw-Hill
Date of production, publication, distribution, manufacture, or copyright notice 1994
300 ## - PHYSICAL DESCRIPTION
Extent 572 p.
Dimensions 21 cm.
505 ## - FORMATTED CONTENTS NOTE
Formatted contents note 1. Manejo del editor-compilador. Ventana de mandatos interactivos - 2. Creación de bases de datos - 3. Control de flujo - 4. La macrosustitución - 5. Los ARRAYS en FOXPRO - 6. Funciones FOXPRO. Biblioteca de funciones - 7. Entrada de datos: El control say ...get ...read - 8. Control de objetos - 9. Programación interactiva. Diálogo con ventanas FOXPRO - 10. Campos memo contenidos en las bases de datos - 11. Compilación y enlazado - 12. Áreas de trabajo y tipos de índices en FOXPRO. Índices compactos y compuestos - 13. Creación de informes y etiquetas - 14. Funciones de ARRAYS - 15. Programación de teclas - 16. Menús, Windows, Boxes - 17. El sistema multiusuario FOXPRO para redes de área local.
590 ## - LOCAL NOTE (RLIN)
Local note niveau_biblio:m niveau_hierar:0
942 ## - ADDED ENTRY ELEMENTS (KOHA)
Koha item type
Existencias
Withdrawn status Lost status Damaged status Not for loan Home library Current library Shelving location Date acquired Total checkouts Full call number Barcode Date last seen Price effective from Koha item type
        Biblioteca Prof. Eusebio Cleto del Rey Biblioteca Prof. Eusebio Cleto del Rey   07/04/2026   004.42 G216 L85012 07/04/2026 07/04/2026 Libro